| 000 | 00609nam a2200217Ia 4500 | ||
|---|---|---|---|
| 005 | 20250508164548.0 | ||
| 008 | 008 250505s9999 xx 000 0 eng d | ||
| 020 | _a1-85000-734-9 | ||
| 037 | _aTextual | ||
| 040 |
_aFEDL _beng _cFEDL |
||
| 041 |
_aeng _2eng |
||
| 084 |
_a371.307 8, HOR _qFEDL |
||
| 100 |
_aHorsburgh David _9761692 |
||
| 245 | 0 | _aHow to use the blackboard in teaching english | |
| 260 |
_aMadars, India _bOrient Longman Ltd. _c1967 |
||
| 300 | _a60p. | ||
| 365 |
_aINR _b25 |
||
| 546 | _aMACESE book | ||
| 942 |
_cTEXL _h371.307 8, HOR |
||
| 999 |
_c1389807 _d1389807 |
||